[Event "Outplayed"]
[Site "http://www.queenalice.com/game.php?id=1273164"]
[Date "2014.4.14"]
[Round "-"]
[White "billaus"]
[Black "Sadieone"]
[Result "0-1"]
[WhiteElo "1576"]
[BlackElo "1597"]

1. e4 b6 2. d4 Bb7 3. e5 e6 4. Nf3 Qe7 5. Bg5 f6 6. exf6 gxf6 7. Bf4 d6 8. Nc3
Nc6 9. Bc4 O-O-O 10. O-O Nh6 11. Re1 e5 12. dxe5 dxe5 13. Bd2 Qc5 14. Bd3 Nb4
15. Be2 Rg8 16. Nh4 Kb8 17. Qc1 Ng4 18. h3 Nxf2 19. Rf1 Nxh3+ 20. Kh2 Nf4 21.
Bxf4 exf4 22. Bf3 Ba6 23. Qxf4 Bd6 24. Qxd6 Qxd6+ 25. g3 Qxg3+ 0-1

[Event "Dumbo struck"]
[Site "http://www.queenalice.com/game.php?id=1276106"]
[Date "2014.4.26"]
[Round "-"]
[White "billaus"]
[Black "Sadieone"]
[Result "1-0"]
[WhiteElo "1579"]
[BlackElo "1594"]

1. e4 b6 2. d4 Bb7 3. Nc3 e6 4. d5 exd5 5. exd5 Qe7+ 6. Be3 d6 7. Bb5+ Nd7 8.
Bc6 O-O-O 9. Nb5 Kb8 10. Nh3 Qe5 11. c3 Ngf6 12. Ng5 Qe7 13. Qa4 a6 14. Nd4 Nxd5
15. Bxb7 Kxb7 16. Qc6+ Ka7 17. Qxd5 Nb8 18. Nde6 c6 19. Qb3 fxe6 20. Bxb6+ Ka8
21. Nxe6 Rd7 22. O-O Rb7 23. Rfe1 Qf7 24. Rad1 Rd7 25. Qb4 c5 26. Qa5 Nc6 27.
Nc7+ Rxc7 28. Qxa6+ Na7 29. Bxc7 Be7 30. Bxd6 Bxd6 31. Rxd6 Qc7 32. Rde6 Rd8 33.
h3 Kb8 34. Re7 Rd7 35. Re8+ Nc8 36. R1e4 g6 37. Qb5+ Qb7 38. Qe2 Ka7 39. g3 h5
40. R4e5 Qc6 41. Kh2 Nb6 42. b4 Na4 43. bxc5 Nxc3 44. Qc2 Nd5 45. Qc4 Nb6 46.
Qc3 Na4 47. Qa5+ Qa6 48. Qxa6+ Kxa6 49. Rc8 Rd2 50. Ra8+ Kb5 51. Rb8+ Kc4 52.
Re4+ Kxc5 53. Rxa4 Rxf2+ 54. Kg1 Rf7 55. Re4 Rf3 56. Re5+ Kd6 57. Rbe8 Rxg3+ 58.
Kh2 Ra3 59. Re2 Kd7 60. R8e3 Ra6 61. Rd2+ Kc7 62. Rc3+ Kb7 63. Rd7+ 1-0

[Event "The blooming Flowers"]
[Site "http://www.queenalice.com/game.php?id=1279975"]
[Date "2014.5.8"]
[Round "-"]
[White "billaus"]
[Black "Sadieone"]
[Result "1/2-1/2"]
[WhiteElo "1596"]
[BlackElo "1577"]

1. e4 e5 2. Nf3 Qf6 3. d4 exd4 4. Qxd4 Qxd4 5. Nxd4 g6 6. Be3 Nf6 7. e5 Nd5 8.
Bd2 Bg7 9. f4 O-O 10. Na3 d6 11. Bc4 Nb6 12. Bd3 dxe5 13. fxe5 Bxe5 14. Bc3 Na4
15. Nc4 c5 16. Nxe5 Nxc3 17. bxc3 cxd4 18. cxd4 Nc6 19. Nxc6 bxc6 20. Rb1 Be6
21. Rb2 Rfd8 22. c3 c5 23. Be4 cxd4 24. Bxa8 dxc3 25. Rc2 Rxa8 26. a3 Rc8 27.
Kf2 Bb3 28. Re2 Rd8 29. Rc1 Rd1 30. Rxc3 Ba4 31. Rc5 a6 32. Ra5 Bb5 33. a4 Bxe2
34. Kxe2 Rd6 35. h4 Rf6 36. Ke3 Kf8 37. g4 h5 38. gxh5 gxh5 39. Rxh5 Rb6 40. Rd5
Ke7 41. Kf4 Rb4+ 42. Kf5 Rxa4 43. Re5+ Kf8 44. h5 Ra2 45. h6 Kg8 46. Kf6 Rf2+
47. Ke7 Rh2 48. Rg5+ Kh7 49. Kxf7 Rxh6 50. Ra5 Kh8 51. Ke7 Kg8 52. Kd7 1/2-1/2

[Event "May flowers"]
[Site "http://www.queenalice.com/game.php?id=1283038"]
[Date "2014.5.20"]
[Round "-"]
[White "billaus"]
[Black "Sadieone"]
[Result "0-1"]
[WhiteElo "1595"]
[BlackElo "1578"]

1. e4 e5 2. Nf3 Qf6 3. d4 exd4 4. Nxd4 Bc5 5. Be3 Nh6 6. Nb5 Qc6 7. Nd4 Qb6 8.
b3 O-O 9. Nc3 Qa5 10. Qd3 Bb4 11. Bd2 d6 12. Be2 Ng4 13. O-O Ne5 14. Qg3 g6 15.
Ndb5 a6 16. a3 Bxc3 17. Nxc3 c6 18. b4 Qc7 19. Be3 Nbd7 20. Bh5 Nf6 21. Be2 a5
22. b5 cxb5 23. Nxb5 Qxc2 24. Bd1 Qb2 25. Ba4 Qe2 26. Nxd6 Qh5 27. Bd1 Neg4 28.
h3 Qe5 29. Qxe5 Nxe5 30. Nxc8 Raxc8 31. Bf4 Nc6 32. e5 Nd5 33. Bg3 Rce8 34. Rb1
b6 35. Rc1 Nxe5 36. Bb3 Nf6 37. Rfd1 Nh5 38. Rd6 Nxg3 39. fxg3 Rb8 40. Re1 Rfe8
41. Rd5 Nf3+ 42. gxf3 Rxe1+ 43. Kf2 Rb1 44. Bc2 Rb2 45. Rd2 Rc8 46. Ke3 Rbxc2
0-1

[Event "Sucking hind tit"]
[Site "http://www.queenalice.com/game.php?id=1285885"]
[Date "2014.6.4"]
[Round "-"]
[White "billaus"]
[Black "Sadieone"]
[Result "1-0"]
[WhiteElo "1558"]
[BlackElo "1595"]

1. e4 e6 2. d4 Qf6 3. Nh3 Nc6 4. d5 exd5 5. exd5 Nb4 6. c3 Na6 7. Bc4 Bc5 8. O-O
Qg6 9. Nf4 Qe4 10. b3 Qe7 11. Re1 Qxe1+ 12. Qxe1+ Ne7 13. Nh5 O-O 14. Qe5 f6 15.
Qg3 g6 16. d6+ Kh8 17. Bh6 Nf5 18. Qg4 Nxh6 19. Qf4 Nf5 20. Ng3 Bxd6 21. Qg4
Nxg3 22. hxg3 Be5 23. Qf3 d6 24. Nd2 Nc5 25. Bd5 c6 26. Bc4 d5 27. Be2 Bf5 28.
b4 Na4 29. Rc1 Rae8 30. c4 Bd6 31. cxd5 cxd5 32. Bb5 Re5 33. Bxa4 Bxb4 34. Nb3
Rb8 35. g4 Be4 36. Qxf6+ Kg8 37. Qxe5 Rf8 38. Nc5 Rc8 39. Qe6+ 1-0

[Event "Still behind, unfair!"]
[Site "http://www.queenalice.com/game.php?id=1287659"]
[Date "2014.6.12"]
[Round "-"]
[White "billaus"]
[Black "Sadieone"]
[Result "0-1"]
[WhiteElo "1575"]
[BlackElo "1578"]

1. e4 e5 2. Nf3 d6 3. d4 exd4 4. Qxd4 Nf6 5. Ng5 Be7 6. e5 Nh5 7. exd6 cxd6 8.
Bb5+ Nc6 9. Qd5 O-O 10. Nxh7 Nf6 11. Nxf6+ Bxf6 12. O-O Nb4 13. Qb3 Nc6 14. Qg3
Nd4 15. Bd3 Qb6 16. Nd2 Be6 17. Ne4 Be5 18. Bf4 Rac8 19. Nf6+ Bxf6 20. Bxd6 Rfd8
21. Bf4 Rxc2 22. Rfe1 Rc6 23. Rad1 Bxa2 24. Bh7+ Kxh7 25. Qh3+ Kg8 26. Qg3 Nc2
27. Be3 Qxb2 28. Rxd8+ Bxd8 29. f4 Nxe1 30. Qxe1 Bb6 31. Bxb6 Rc1 0-1

[Event "Can't play golf either"]
[Site "http://www.queenalice.com/game.php?id=1290355"]
[Date "2014.6.25"]
[Round "-"]
[White "billaus"]
[Black "Sadieone"]
[Result "0-1"]
[WhiteElo "1543"]
[BlackElo "1594"]

1. e4 e5 2. Nf3 Nc6 3. d4 exd4 4. Nxd4 Qf6 5. Be3 Nh6 6. Nd2 Bd6 7. a3 O-O 8.
Nc4 Nxd4 9. Bxd4 Qf4 10. Nxd6 cxd6 11. Qd3 Re8 12. f3 d5 13. g3 Qd6 14. O-O-O
Qe6 15. Bg2 dxe4 16. fxe4 Qa2 17. Kd2 Qe6 18. e5 Nf5 19. Bh3 g6 20. Rhf1 d6 21.
Rfe1 Qd7 22. exd6 b6 23. Rxe8+ Qxe8 24. Re1 Qc6 25. Be5 Bd7 26. Re2 Rd8 27. g4
Ng7 28. Bc3 Ne8 29. Bg2 Qc8 30. Qd4 f6 31. g5 Bf5 32. gxf6 Kf7 33. Re7+ Kf8 34.
f7 Nxd6 35. Qh8+ Kxe7 36. f8=Q+ Rxf8 37. Qxh7+ Nf7 38. Qh4+ Ke8 39. Qe1+ Kd7 40.
Qf2 Qa6 41. Bf1 Qa4 42. Qf3 Qxc2+ 43. Ke1 Re8+ 44. Be2 Bd3 45. Kf2 Bxe2 46. Qd5+
Ke7 47. Bb4+ Kf6 48. Bc3+ Ne5 49. Qd6+ Kf5 50. Qb4 Ng4+ 51. Kg3 Qd3+ 52. Kg2
Qf3+ 0-1

[Event "Misfire"]
[Site "http://www.queenalice.com/game.php?id=1292267"]
[Date "2014.7.3"]
[Round "-"]
[White "billaus"]
[Black "Sadieone"]
[Result "1-0"]
[WhiteElo "1529"]
[BlackElo "1608"]

1. e4 e5 2. Nf3 Nc6 3. Bc4 Bc5 4. d3 Qf6 5. Nc3 Nd4 6. Nd5 Qd6 7. O-O Nh6 8. c3
Nxf3+ 9. Qxf3 O-O 10. Bg5 c6 11. Be7 Qg6 12. Bxf8 Bxf8 13. Nc7 Rb8 14. d4 exd4
15. cxd4 d6 16. e5 dxe5 17. dxe5 Bd7 18. a3 Rc8 19. Bd3 Qg5 20. Na6 bxa6 21.
Rfe1 Be6 22. Qe4 Bf5 23. Qf3 Bc5 24. Bxf5 Nxf5 25. Rad1 Bd4 26. Re4 Bxb2 27. Rg4
Nh4 28. Qh3 Qxe5 29. Rxh4 Qf5 30. Qxf5 Re8 31. Qxh7+ Kf8 32. Qh8+ 1-0

[Event "Hind Tit"]
[Site "http://www.queenalice.com/game.php?id=1293689"]
[Date "2014.7.9"]
[Round "-"]
[White "billaus"]
[Black "Sadieone"]
[Result "1-0"]
[WhiteElo "1548"]
[BlackElo "1589"]

1. e4 e5 2. Nf3 Nc6 3. d4 exd4 4. Nxd4 Qf6 5. Nb5 Qe5 6. N1c3 a6 7. Na3 Bb4 8.
Bd2 Nf6 9. Qf3 Nd4 10. Qd3 O-O 11. O-O-O d6 12. Nc4 Qc5 13. a3 Bxc3 14. Bxc3 Nc6
15. Qg3 Ne5 16. Nxe5 dxe5 17. Bxe5 Qe7 18. Be2 g6 19. Qf4 c5 20. Bxf6 Qe6 21.
Rd8 Qa2 22. Kd2 Be6 23. Qh6 Rfxd8+ 24. Bd3 Rxd3+ 25. cxd3 1-0

[Event "Grateful dunce"]
[Site "http://www.queenalice.com/game.php?id=1295416"]
[Date "2014.7.17"]
[Round "-"]
[White "billaus"]
[Black "Sadieone"]
[Result "0-1"]
[WhiteElo "1566"]
[BlackElo "1571"]

1. e4 e5 2. Nf3 f6 3. d4 exd4 4. Nxd4 Bc5 5. Nf5 g6 6. Ng3 b6 7. Bc4 Nc6 8. Bd5
Bb7 9. Nc3 Qe7 10. O-O O-O-O 11. Bf4 Na5 12. Nb5 d6 13. Nxa7+ Kb8 14. Nb5 Bxd5
15. Qxd5 Qd7 16. Nd4 Ne7 17. Qe6 Bxd4 18. c3 Qxe6 19. Rfe1 Be5 20. h3 Bxf4 21.
b3 Be5 22. Rac1 f5 23. b4 Nc4 24. a4 Nb2 25. Re2 Nxa4 26. c4 Nc3 27. Rd2 Qxc4
28. Rcc2 Qxb4 29. Rb2 Qa5 30. Rd3 Qa1+ 0-1

[Event "Alas!"]
[Site "http://www.queenalice.com/game.php?id=1297405"]
[Date "2014.7.26"]
[Round "-"]
[White "billaus"]
[Black "Sadieone"]
[Result "1-0"]
[WhiteElo "1550"]
[BlackElo "1587"]

1. e4 e5 2. Nf3 Nc6 3. c3 Qf6 4. d4 exd4 5. cxd4 d6 6. Bb5 Nh6 7. Bg5 Qg6 8. Nc3
a6 9. Bxc6+ bxc6 10. O-O Be7 11. Bxe7 Kxe7 12. e5 Rd8 13. Nh4 Qe6 14. Qd3 g6 15.
Rfe1 Kf8 16. d5 cxd5 17. Nxd5 dxe5 18. Qc4 Ra7 19. Qc5+ Kg7 20. Qxa7 Qxd5 21.
Qxc7 Rf8 22. Rxe5 Qa8 23. Rae1 Be6 24. Rxe6 Rc8 25. Qe5+ Kf8 26. Qh8+ Ng8 27.
Re7 Qb8 28. R7e2 Qb5 29. Qxh7 Qg5 30. g3 Qh6 31. Qxh6+ Nxh6 32. Re4 Rc2 33. R1e2
Rc5 34. Nf3 Ra5 35. h4 Rxa2 36. Rd4 Nf5 37. Rd8+ Kg7 38. Rc2 Ne7 39. g4 Ra4 40.
Ne5 Ra5 41. Nc6 Nxc6 42. Rxc6 Ra4 43. f3 a5 44. h5 gxh5 45. gxh5 Rh4 46. h6+ Kh7
47. Rf8 Rf4 48. Rcc8 Kxh6 49. Rh8+ Kg7 50. Rcg8+ Kf6 51. Rh6+ Ke7 52. Rh5 Rxf3
53. Rxa5 Rb3 54. Ra7+ Kf6 55. Rg2 Ke6 56. Kh2 f5 57. Ra5 Rf3 58. Rg6+ Kf7 59.
Rb6 Ke7 60. Ra7+ 1-0

[Event "Minus "]
[Site "http://www.queenalice.com/game.php?id=1300805"]
[Date "2014.8.11"]
[Round "-"]
[White "billaus"]
[Black "Sadieone"]
[Result "0-1"]
[WhiteElo "1567"]
[BlackElo "1570"]

1. e4 b6 2. d4 Bb7 3. d5 e6 4. dxe6 fxe6 5. e5 Nc6 6. Qh5+ g6 7. Qf3 Qe7 8. Bf4
O-O-O 9. Nc3 Nb4 10. Qe2 Qc5 11. Nf3 Nh6 12. O-O-O Ng4 13. Bg3 Bh6+ 14. Kb1 Rhf8
15. Ne4 Bxe4 16. Qxe4 Kb8 17. Ne1 Nxf2 18. Bxf2 Rxf2 19. Be2 c6 20. Nd3 Qxc2+
21. Ka1 Rxe2 22. a3 Rxe4 23. Nxb4 Qc4 24. g3 Rxe5 25. Rhf1 Kb7 26. Rf7 Kc8 27.
Rxh7 Bf8 28. Rf7 Bxb4 29. axb4 Qxb4 30. Rff1 Ra5+ 31. Kb1 Qe4+ 0-1

[Event "Hail Cesar!"]
[Site "http://www.queenalice.com/game.php?id=1302528"]
[Date "2014.8.18"]
[Round "-"]
[White "billaus"]
[Black "Sadieone"]
[Result "0-1"]
[WhiteElo "1551"]
[BlackElo "1586"]

1. e4 e6 2. d4 b6 3. d5 Bb7 4. Bc4 Qf6 5. f3 exd5 6. exd5 Na6 7. Bxa6 Bxa6 8.
Nc3 O-O-O 9. Ne4 Qe5 10. Ne2 Nf6 11. O-O Nxe4 12. fxe4 Qxe4 13. Nc3 Qg6 14. b3
Bxf1 15. Kxf1 Bc5 16. Qe2 Kb7 17. Bf4 Qf6 18. Qf3 Bb4 19. d6+ c6 20. Bd2 Qxd6
21. Rd1 Qxh2 22. Ke2 Rde8+ 23. Ne4 Bxd2 24. Rxd2 Re7 25. Kf2 Kc7 26. a4 h5 27.
c4 Rh6 28. Rc2 Rhe6 29. Re2 Re5 30. c5 g6 31. cxb6+ axb6 32. b4 Rf5 33. Nc5
Rxe2+ 34. Kxe2 Rxf3 35. Kxf3 bxc5 0-1

[Event "Shameful"]
[Site "http://www.queenalice.com/game.php?id=1304354"]
[Date "2014.8.27"]
[Round "-"]
[White "billaus"]
[Black "Sadieone"]
[Result "0-1"]
[WhiteElo "1536"]
[BlackElo "1601"]

1. e4 e6 2. d4 g6 3. d5 exd5 4. Qxd5 Nf6 5. Qe5+ Be7 6. Nc3 O-O 7. Bh6 Re8 8.
O-O-O Bf8 9. Bg5 Rxe5 10. Nf3 Re6 11. Kb1 Nc6 12. Bc4 Re8 13. Bf4 Nxe4 14. Nxe4
Rxe4 15. Bg5 Be7 16. Bxe7 Rxe7 17. Ng5 Ne5 18. Bb5 c6 19. Be2 b5 20. f4 Ng4 21.
Bxg4 Re4 22. Nxe4 f5 23. Nd6 fxg4 24. Rhe1 Kg7 25. f5 Qf8 26. fxg6 Kxg6 27. Rf1
Qe7 28. Nf5 Qc5 29. Rd6+ Kh5 30. Rh6+ Kg5 31. a3 d6 32. b4 Qc4 33. Ne3 Qe2 34.
Rff6 Qxe3 35. h4+ gxh3 36. Rxh3 Qg1+ 37. Kb2 Bxh3 38. gxh3 Kxf6 0-1

[Event "Challenge"]
[Site "http://www.queenalice.com/game.php?id=1309940"]
[Date "2014.9.23"]
[Round "-"]
[White "billaus"]
[Black "Sadieone"]
[Result "0-1"]
[WhiteElo "1523"]
[BlackElo "1614"]

1. e4 e6 2. Nf3 Bc5 3. Nc3 Qe7 4. a3 d5 5. d4 dxe4 6. Nxe4 Bb6 7. Ne5 Nf6 8.
Nxf6+ Qxf6 9. Bb5+ c6 10. Be2 O-O 11. O-O Nd7 12. Nf3 e5 13. dxe5 Nxe5 14. Bg5
Nxf3+ 15. Bxf3 Qxg5 16. c3 Be6 17. b4 Bc7 18. a4 Qe5 19. g3 Qxc3 20. Kg2 Qxb4
21. Re1 Bb6 22. Qd3 Rae8 23. Be4 g6 24. a5 Bxa5 0-1

[Event "Good Heavensa"]
[Site "http://www.queenalice.com/game.php?id=1311571"]
[Date "2014.9.30"]
[Round "-"]
[White "billaus"]
[Black "Sadieone"]
[Result "0-1"]
[WhiteElo "1511"]
[BlackElo "1626"]

1. e4 e6 2. d4 b6 3. Nc3 Bb7 4. d5 Na6 5. dxe6 fxe6 6. Bf4 Qe7 7. Bxa6 Bxa6 8.
Bxc7 d6 9. Nd5 exd5 10. Ne2 Qxc7 11. Qxd5 Bb7 12. Qd4 O-O-O 13. Qa4 Kb8 14.
O-O-O Nh6 15. Nf4 Re8 16. Qxe8+ Bc8 17. e5 Qc4 18. Rxd6 Qxf4+ 19. Rd2 Rg8 20. f3
Nf7 21. c3 Nxe5 22. Qb5 Be7 23. Kd1 Bg5 24. Qe2 Nc4 25. Rd4 Qc1# 0-1

[Event "I saw the move"]
[Site "http://www.queenalice.com/game.php?id=1312873"]
[Date "2014.10.6"]
[Round "-"]
[White "billaus"]
[Black "Sadieone"]
[Result "1-0"]
[WhiteElo "1500"]
[BlackElo "1637"]

1. e4 e5 2. Nf3 Nc6 3. d4 Nxd4 4. Nxe5 Ne6 5. Qf3 Qe7 6. Nc3 f6 7. Nd5 Qc5 8. b4
Qd6 9. Qh5+ g6 10. Nxg6 hxg6 11. Qxh8 Ne7 12. Bh6 Qxb4+ 13. Nxb4 d6 14. Nd5 Kd7
15. Bxf8 Nxd5 16. Bb5+ c6 17. exd5 Nxf8 18. Qg7+ Ke8 19. O-O cxb5 20. Rfe1+ 1-0

[Event "A long dry spell"]
[Site "http://www.queenalice.com/game.php?id=1314680"]
[Date "2014.10.11"]
[Round "-"]
[White "billaus"]
[Black "Sadieone"]
[Result "0-1"]
[WhiteElo "1521"]
[BlackElo "1616"]

1. e4 g6 2. e5 Bg7 3. d4 Nh6 4. Nf3 O-O 5. Bc4 Nc6 6. O-O d6 7. exd6 cxd6 8. Re1
Bf5 9. d5 Ne5 10. Nxe5 dxe5 11. Nc3 Qc7 12. Qe2 Ng4 13. Ne4 Qa5 14. Bd2 Qb6 15.
h3 Bxe4 16. Qxg4 Bxc2 17. b3 Bf5 18. Qg5 Rae8 19. Be3 Qa5 20. Red1 e4 21. Bd4 e5
22. Bb2 Qc5 23. Rac1 Qd6 24. Bb5 Rb8 25. a4 Qb4 26. Bd7 Bxd7 27. Qe3 f5 28. Qxa7
Qxb3 29. Ba1 Bxa4 30. Bc3 Rbc8 31. Qa5 b6 32. Qb4 Qxb4 33. Bxb4 Bxd1 34. Bxf8
Rxc1 35. Bxg7 Bb3+ 36. Kh2 Bxd5 37. Bxe5 b5 38. Kg3 b4 0-1

[Event "Spring is late"]
[Site "http://www.queenalice.com/game.php?id=1317114"]
[Date "2014.10.22"]
[Round "-"]
[White "billaus"]
[Black "Sadieone"]
[Result "1/2-1/2"]
[WhiteElo "1509"]
[BlackElo "1628"]

1. e4 e6 2. d4 Nc6 3. d5 exd5 4. exd5 Nb4 5. Nf3 Nf6 6. Bc4 Bc5 7. Nd4 Nfxd5 8.
a3 Nc6 9. Nxc6 dxc6 10. O-O O-O 11. Bd3 Qe7 12. Qh5 Nf6 13. Qh3 Bxh3 14. gxh3
1/2-1/2

[Event "Thank you"]
[Site "http://www.queenalice.com/game.php?id=1317607"]
[Date "2014.10.24"]
[Round "-"]
[White "billaus"]
[Black "Sadieone"]
[Result "1-0"]
[WhiteElo "1514"]
[BlackElo "1623"]

1. e4 e5 2. Nf3 Nc6 3. d4 exd4 4. Nxd4 Nxd4 5. Qxd4 b6 6. Qd5 c6 7. Qc4 Bb7 8.
Bd3 Qe7 9. Qd4 O-O-O 10. O-O Nf6 11. Nc3 g6 12. Bg5 Bg7 13. e5 c5 14. exf6 cxd4
15. fxe7 Rde8 16. Ne4 Bxe4 17. Bxe4 f6 18. Bd2 Rxe7 19. f3 f5 20. Bd3 Re5 21. c3
Rd5 22. Rac1 Kb7 23. Rfe1 Rc8 24. c4 Rd6 25. Re7 Bf8 26. Rxh7 Rc5 27. Bb4 Rdc6
28. Rxd7+ Ka6 29. Bxc5 Bxc5 30. a3 Re6 31. b4 Be7 32. c5+ b5 33. Ra1 Re3 34.
Rxd4 Bf8 35. a4 Bg7 36. Bxb5+ Kb7 37. Rd7+ 1-0

[Event "Saturday are important"]
[Site "http://www.queenalice.com/game.php?id=1319799"]
[Date "2014.11.2"]
[Round "-"]
[White "billaus"]
[Black "Sadieone"]
[Result "1-0"]
[WhiteElo "1534"]
[BlackElo "1603"]

1. e4 e5 2. Nf3 Qf6 3. d4 exd4 4. Qxd4 Be7 5. Bg5 Nc6 6. Bxf6 Nxd4 7. Bxd4 Nf6
8. Nc3 O-O 9. Bd3 d6 10. e5 Ne8 11. Nd5 dxe5 12. Nxe7+ Kh8 13. Nxe5 Nf6 14. O-O
Be6 15. b3 Rfe8 16. Nf5 Nd5 17. Bb5 Bxf5 18. Bxe8 Rxe8 19. Nxf7+ Kg8 20. c4 Nb4
21. Ng5 Bg4 22. Bxa7 Nc2 23. Rab1 Ra8 24. Bc5 Rxa2 25. Nf3 Ra5 26. h3 Bxf3 27.
b4 Nxb4 28. gxf3 Rxc5 29. Rxb4 b6 30. Kh2 Rf5 31. Rb3 Rf4 32. Rc3 Rf5 33. Re1 h6
34. Rd3 Rf8 35. Re7 Kh7 36. Rxc7 1-0

[Event "Grateful dunce"]
[Site "http://www.queenalice.com/game.php?id=1322301"]
[Date "2014.11.15"]
[Round "-"]
[White "billaus"]
[Black "Sadieone"]
[Result "0-1"]
[WhiteElo "1554"]
[BlackElo "1583"]

1. e4 e5 2. Nf3 Qf6 3. d4 Nc6 4. Be3 exd4 5. Nxd4 Nh6 6. Nc3 Ng4 7. Qxg4 Nxd4 8.
Bd3 d6 9. Qh5 g6 10. Qd5 Nc6 11. O-O-O Be6 12. Qg5 Qg7 13. Nd5 Be7 14. Nxc7+ Kd7
15. Qh6 Qxh6 16. Bxh6 Kxc7 17. Rhe1 g5 18. a3 Rhg8 19. g3 Rg6 20. Bxg5 Bxg5+ 21.
f4 Bh6 22. Kb1 Bg4 23. Rc1 Nd4 24. f5 Rgg8 25. Rf1 Bxc1 26. Kxc1 Be2 27. Bxe2
Nxe2+ 28. Kd2 Nd4 29. Kd3 Nc6 30. c4 Rg4 0-1